000 00792cam a22002771 4500
001 12721
003 BD-RjUL
005 20211208235339.0
008 140129s1964 xx 001 0 eng
035 _a(BD-RjUL)12771
035 _a(OCoLC)792965
040 _aDLC
_cDNLM
_dBD-RjUL
_beng
041 _aeng
060 0 0 _aWB 200
_bK15p 1964
082 0 0 _a616.075
_bKAP 1964
100 1 _aKampmeier, Rudolph H.
_q(Rudolph Herman),
_d1898-
_939621
245 1 0 _aPhysical examination in health and disease /
_cRudolph H. Kampmeier.
250 _a3d ed.
260 _aPhiladelphia :
_bDavis,
_cc1964.
300 _axix, 803 p. :
_bill. ;
_c23 cm.
500 _aIncludes index.
650 0 _aPhysical diagnosis.
_939622
942 _2ddc
_cBK
999 _c12721
_d12721